Statistiken für Torschützenkönige in der Geschichte von Lazio Rom

Klicken Sie hier um das Quiz zu spielen!

Allgemein

  • Dieses Quiz wurde 10 mal gespielt
  • Das Durchschnittsergebnis liegt bei 1 aus 10

Antwortstatistiken

ToreNationalitätSpieler% Korrekt
190ItalienCiro Immobile
100%
127ItalienGiuseppe Signori
10%
105ItalienTommaso Rocchi
10%
78ItalienAldo Puccinelli
0%
108ItalienBruno Giordano
0%
65ItalienDante Filippi
0%
73ItalienFulvio Bernardini
0%
122ItalienGiorgio Chinaglia
0%
64ItalienRenzo Garlaschelli
0%
159ItalienSilvio Piola
0%

Verteilung der Resultate

Perzentil nach korrekt beantworteten Fragen

Anzahl Personen mit jedem Resultat

Ihre Resultats-Entwicklung

Sie haben dieses Quiz noch nicht gespielt